00600nam a2200193Ia 4500008004100000020001800041082001500059100002000074245002300094250000900117260004400126300002400170500001900194600001500213650001500228942000700243952013900250999001700389240925s9999 xx 000 0 und d a9788126563531 a658.83 AAK aAaker, David A. 0aMarketing Research a11th aNew Delhi:bJohn Wiley and Sonsc,2013. a716p.bNAfOriginal aIncludes Index aManagement aManagement cBK 001040708MANaUITUbUITUd2018-12-30eBook World Internationalg1716.03l0o658.83 AAKpQ13094r2024-09-25 07:16:44w2024-09-25yBK c15593d15593